[Event "Wch Blitz"]
[Site "Samarkand"]
[Date "2023.12.30"]
[Round "18"]
[White "Kuziev, Miraziz"]
[Black "Bogdan, David"]
[Result "1-0"]
[WhiteElo "2250"]
[BlackElo "1671"]
[PlyCount "89"]
[EventDate "2023.12.29"]
[EventType "swiss (blitz)"]
[EventRounds "21"]
[EventCountry "UZB"]
[SourceTitle "CB01_2024"]
[SourceDate "2024.01.03"]
[SourceVersion "1"]
[SourceVersionDate "2024.01.03"]
[SourceQuality "1"]

1. d4 d5 2. c4 e6 3. Nc3 Nf6 4. cxd5 exd5 5. Bg5 Be7 6. e3 Bf5 7. Qb3 Bc8 8. Bxf6 Bxf6 9. Nxd5 Bg5 10. Nf3 Be7 11. Nxe7 Qxe7 12. Bd3 0-0 13. 0-0 c6 14. Ne5 Be6 15. Qc2 g6 16. f4 Nd7 17. Nf3 f5 18. Rae1 Rfe8 19. Bc4 Kg7 20. b3 Rac8 21. Qc3 Bd5 22. Ne5 b5 23. Bd3 Kg8 24. a4 a6 25. axb5 cxb5 26. Qb2 Qe6 27. b4 Nb6 28. Ra1 Na4 29. Qe2 Rc3 30. Bxb5 axb5 31. Qxb5 Rc2 32. Rf2 Nc3 33. Qd3 Rxf2 34. Kxf2 Ne4+ 35. Kg1 Rc8 36. h3 Qb6 37. b5 Rc3 38. Qe2 Rc7 39. Ra6 Qb8 40. b6 Rb7 41. Qb5 Nd6 42. Qxd5+ Kg7 43. Ra7 Rxa7 44. bxa7 Qxa7 45. Qxd6 1-0

[Event "Wch Blitz"]
[Site "Samarkand"]
[Date "2023.12.29"]
[Round "5"]
[White "Bogdan, David"]
[Black "Urazayev, Arystanbek"]
[Result "0-1"]
[WhiteElo "1671"]
[BlackElo "2472"]
[PlyCount "134"]
[EventDate "2023.12.29"]
[EventType "swiss (blitz)"]
[EventRounds "21"]
[EventCountry "UZB"]
[SourceTitle "CB01_2024"]
[SourceDate "2024.01.03"]
[SourceVersion "1"]
[SourceVersionDate "2024.01.03"]
[SourceQuality "1"]

1. e4 c6 2. d3 d5 3. f4 Nf6 4. Nc3 dxe4 5. dxe4 Qxd1+ 6. Kxd1 e5 7. h3 Bb4 8. Bd3 Nbd7 9. Nf3 Bd6 10. fxe5 Nxe5 11. Ke2 0-0 12. Be3 Re8 13. Rhe1 b5 14. Kf2 Bb7 15. Nd4 Ng6 16. Nf5 Be5 17. Bd4 Bxd4+ 18. Nxd4 Rad8 19. Nf5 Ne5 20. Rad1 g6 21. Nh4 Kg7 22. Nf3 Nxf3 23. gxf3 Nd7 24. Rd2 Nc5 25. Red1 Bc8 26. Bf1 Rxd2+ 27. Rxd2 b4 28. Ne2 Be6 29. Nd4 Bd7 30. Nb3 Nxb3 31. Rxd7 Nc5 32. Rc7 Rd8 33. Bc4 Rd2+ 34. Kg3 Rxc2 35. Bxf7 Kf8 36. b3 Rxa2 37. Bc4 Ra3 38. Rxc6 Nxb3 39. Rc8+ Ke7 40. Bxb3 Rxb3 41. Rc7+ Kd6 42. Rxa7 Rb1 43. Kf4 b3 44. Rb7 Kc6 45. Rb8 Kc7 46. Rb4 Kd6 47. Rb7 b2 48. Rb5 Kc6 49. Rb8 Kd6 50. Rb5 h6 51. Rb6+ Kc5 52. Rb8 Kd4 53. Rd8+ Kc3 54. Rc8+ Kd3 55. Rb8 Kd4 56. Rd8+ Kc5 57. Rc8+ Kd6 58. Rb8 g5+ 59. Kf5 h5 60. e5+ Kc7 61. Rb3 g4 62. hxg4 hxg4 63. Rc3+ Kb6 64. Rb3+ Kc6 65. Rc3+ Kd5 66. Rb3 gxf3 67. e6 f2 0-1

[Event "Wch Blitz"]
[Site "Samarkand"]
[Date "2023.12.29"]
[Round "11"]
[White "Khusenkhojaev, Mustafokhuja"]
[Black "Bogdan, David"]
[Result "1-0"]
[WhiteElo "2298"]
[BlackElo "1671"]
[PlyCount "51"]
[EventDate "2023.12.29"]
[EventType "swiss (blitz)"]
[EventRounds "21"]
[EventCountry "UZB"]
[SourceTitle "CB01_2024"]
[SourceDate "2024.01.03"]
[SourceVersion "1"]
[SourceVersionDate "2024.01.03"]
[SourceQuality "1"]

1. d4 d5 2. Nf3 e6 3. c4 Be7 4. g3 Nf6 5. Bg2 0-0 6. 0-0 c6 7. Qc2 b6 8. Nbd2 a5 9. e4 Na6 10. cxd5 cxd5 11. e5 Nd7 12. a3 Bb7 13. Re1 Rc8 14. Qd1 Qc7 15. Bf1 Nab8 16. Bd3 Ba6 17. Bb1 b5 18. Nf1 b4 19. axb4 Bxb4 20. Bd2 Nc6 21. Bxh7+ Kxh7 22. Ng5+ Kg6 23. Qb1+ f5 24. exf6+ Kh5 25. Qh7+ Kg4 26. h3# 1-0

[Event "Malaya Zemlya Rapid op"]
[Site "Novorossiysk"]
[Date "2021.07.10"]
[Round "1"]
[White "Bogdan, David"]
[Black "Smirnov, Pavel"]
[Result "0-1"]
[WhiteElo "1274"]
[BlackElo "2544"]
[PlyCount "88"]
[EventDate "2021.07.10"]
[EventType "swiss (rapid)"]
[EventRounds "9"]
[EventCountry "RUS"]
[SourceTitle "CBM 203 Extra"]
[Source "ChessBase"]
[SourceDate "2021.09.30"]
[SourceVersion "1"]
[SourceVersionDate "2021.09.30"]
[SourceQuality "1"]

1. e4 e5 2. Nf3 Nc6 3. Bc4 Nf6 4. Ng5 d5 5. exd5 Na5 6. Bb5+ c6 7. dxc6 bxc6 8. Qf3 cxb5 9. Qxa8 Be7 10. Nc3 0-0 11. 0-0 b4 12. Nb5 h6 13. Ne4 Qb6 14. Nxf6+ Bxf6 15. a4 Nc6 16. d3 Bg5 17. Bxg5 hxg5 18. Nd6 Ba6 19. Ne8 Bb7 20. a5 Nxa5 21. Qb8 Nc6 22. Nf6+ gxf6 23. Qd6 Kg7 24. h4 Rd8 25. Qxd8 Qxd8 26. hxg5 fxg5 27. Rfd1 a5 28. c3 Qd5 29. cxb4 Nd4 30. f3 Nxf3+ 31. gxf3 Qxf3 32. Rd2 Qh1+ 33. Kf2 Qxa1 34. bxa5 Qxa5 35. Ke3 Qb6+ 36. Ke2 g4 37. Rc2 Bf3+ 38. Kd2 g3 39. Rc1 g2 40. b4 Qxb4+ 41. Ke3 Qf4+ 42. Kf2 Qxc1 43. Kg3 g1Q+ 44. Kh3 Qh6# 0-1